Gelehrtes Recht in Mittelalter und in der Frühen Neuzeit
Uloženo v:
| Hlavní autor: | |
|---|---|
| Médium: | Kniha |
| Jazyk: | němčina |
| Vydáno: |
Berlín
Keip
1997
|
| Edice: | Bibliotheca Eruditorum, 23
|
| Témata: | |
| Tagy: |
Přidat tag
Žádné tagy, Buďte první, kdo vytvoří štítek k tomuto záznamu!
|
MARC
| LEADER | 00000nam a2200000 a 4500 | ||
|---|---|---|---|
| 001 | UCK2375 | ||
| 003 | CL-VaPUC | ||
| 008 | 050106e19970000gw |||||||||||||||||ger|d | ||
| 020 | |a 3805102968 | ||
| 082 | 0 | 4 | |a 340.55 |b TRU |2 21 |
| 100 | 0 | |a Trusen, Winfried |e author |9 490231 | |
| 245 | 1 | 0 | |a Gelehrtes Recht in Mittelalter und in der Frühen Neuzeit |
| 300 | |a 914 p | ||
| 942 | |c BK | ||
| 945 | |d 20050106 00:00:00 |a cmena | ||
| 260 | |a Berlín |b Keip |c 1997 | ||
| 650 | 0 | |a Derecho medieval |9 314261 | |
| 650 | 0 | |a Historia del derecho |9 255109 | |
| 650 | 0 | |a Fuentes del derecho |9 255162 | |
| 583 | |a last modification |c 20171116 05:09:20 |k Rodrigo Vera | ||
| 490 | 0 | |a Bibliotheca Eruditorum, 23 | |
| 999 | |c 311932 |d 311930 | ||
| 952 | |0 0 |1 0 |4 0 |6 340_550000000000000_TRU_1997 |7 0 |8 DER_HIS |9 381667 |a BIBDER |b BIBDER |d 2019-11-21 |i 4091078 |o 340.55 TRU 1997 |p 4091078 |r 2023-01-25 |w 2019-11-21 |x Ubicación 4to Piso |y BK |z Estos recursos deben solicitarse con anticipación |k DER | ||